Pomocná ruka na úvod

Úloha podnikateľských inkubátorov. Finančné odbremenenie začínajúcich podnikateľov. Čo poskytuje správny inkubátor. Peňažné prostriedky z fondov Európskej únie. Prínos podnikateľských inkubátorov.

Salvato in:
Dettagli Bibliografici
Autore principale: Csicsola, Lukáš
Natura: Capitolo di libro
Lingua:slovacco
Soggetti:
Tags: Aggiungi Tag
Nessun Tag, puoi essere il primo ad aggiungerne!!

MARC

LEADER 00000naa$a2200000$$$4500
001 0071254
005 20231006122719.4
041 0 |a slo 
044 |a SK 
245 1 0 |a Pomocná ruka na úvod  |c Lukáš Csicsola 
520 |a Úloha podnikateľských inkubátorov. Finančné odbremenenie začínajúcich podnikateľov. Čo poskytuje správny inkubátor. Peňažné prostriedky z fondov Európskej únie. Prínos podnikateľských inkubátorov. 
610 2 0 |a inkubátory podnikateľské 
610 2 0 |a podnikanie 
610 2 0 |a firmy 
610 2 0 |a financie 
610 2 0 |a technika 
610 2 0 |a kancelárie 
610 2 0 |a poradenstvo 
610 2 0 |a konkurencia 
610 2 0 |a trh 
100 1 |a Csicsola, Lukáš